| 000 | 00815cam a22002411 4500 | ||
|---|---|---|---|
| 001 | ca 30000005 | ||
| 003 | DLC | ||
| 005 | 20260227111122.0 | ||
| 008 | 921013s1922 pl a b 000 0 pol | ||
| 010 | _aca 30000005 | ||
| 035 | _a(OCoLC)26780207 | ||
| 040 |
_aDLC _cCU _dDLC |
||
| 042 | _apremarc | ||
| 050 | 0 | 0 |
_aDK651.L85 _bW6 |
| 100 | 1 | _aWojnicz, Adam. | |
| 245 | 0 | 0 |
_aŁuck na Wołyniu, _bopis historyczno-fizjograficzny, _cprzez dr. Adama Wojnicza; z fotografjami Jana Suszyńskiego, oraz z dopełnieniem i fotografjami budowniczego Konstantego Teleżynskiego. |
| 260 |
_aŁuck, _c1922. |
||
| 300 |
_a96 p. _billus. (incl. ports., plans, facsim.) _c25 cm. |
||
| 502 | _aThesis--Warsaw. | ||
| 500 | _aThesis note on label mounted on cover. | ||
| 504 | _a"Literatura": p. 93. | ||
| 651 | 0 | _aLutzk (Poland) | |
| 999 |
_c16565 _d16565 |
||